Life in a swamp

Bibliographic Details
Other Authors: Povey, Karen, D , 1962-
Format: Book
Published: USA : Thomsan Gale , 2006
Subjects:

MARC

LEADER 00000cam a2200000 7i4500
001 0000003739
005 20110504.0
020 0 0 |a 0737731400 
090 0 0 |a 577.68   |b KAR 2006 
245 0 0 |a Life in a swamp   |c Povey, Karen.D 
260 0 0 |a USA :   |b Thomsan Gale ,   |c 2006 
300 |a 48 p. :   |b ill. ;   |c 24 cm. 
500 0 0 |a Includes biliography references and index 
650 0 0 |a Swamp ecology---Juvenile literature 
650 0 0 |a Swamps---Juvenile literature 
700 0 1 |a Povey, Karen, D ,   |c 1962- 
999 |a 007186   |b Monograph   |c Open Shelf   |e Default branch